000 01047nam a2200289 a 4500
001 BRL_1260
005 20190320211121.0
008 061213s1946----u--abeo###---#000-0#eng-#
041 _aeng
044 _au
050 4 _aF1435.1.K3
_b.K53 1946
100 1 _aKidder, Alfred Vincent
_d1885-1963
_926301
245 1 0 _aExcavations at Kaminaljuyu, Guatemala
_cby Alfre V. Kidder, Jesse D. Jennings, Edwin M. Shook ; with technological notes by Anna O. Shepard.
260 _aWashington, D.C.
_bCarnegie Institution of Washington
_c1946
300 _aix, 284 p.
_bil., láminas, planos, mapas
_c30 cm.
440 0 _aCarnegie Institution of Washington. Publication
_v561
_926302
500 _aAu1461
504 _aBibliografía: p. 279-284
650 1 4 _aExcavaciones arqueológicas
_zGuatemala
_926303
650 1 4 _aMayas
_xAntigüedades
_99555
651 4 _aKaminaljuyu (Guatemala)
_926304
700 1 _aJennings, Jesse David
_926305
700 1 _aShook, Edwin M.
_926306
700 1 _aShepard, Anna O.
_926307
902 _aGRL
942 _2lcc
_cB
999 _c10072
_d10072